| 000 | 00674nam a22002417a 4500 | ||
|---|---|---|---|
| 003 | LC | ||
| 005 | 20160301105013.0 | ||
| 008 | 130914t xxu||||| |||| 00| 0 eng d | ||
| 020 | _a9780399142284 | ||
| 050 |
_aPS 3545 _b.C821 1998 |
||
| 082 |
_aFIC _bC81h 1996 |
||
| 100 |
_aCornwell, Patricia _920056 |
||
| 245 |
_aHornets' nest / _cPatricia Cornwell |
||
| 260 |
_aNew York : _bBerkley Books, _c1998. |
||
| 300 |
_a369 p. : _c17 cm. |
||
| 562 | _e1 | ||
| 650 |
_aFiction. _9746 |
||
| 650 | _aPolice -- North Carolina -- Charlotte -- Fiction. | ||
| 650 | _aCharlotte (N.C.) -- Fiction. | ||
| 650 | _aPolicewomen -- Fiction. | ||
| 942 |
_2lcc _cBK |
||
| 999 |
_c11378 _d11378 |
||